书目信息 |
| 题名: |
智力落后学生心理学
|
|
| 作者: | 鲁宾施泰因 著 ;朴永馨 译 | |
| 分册: | ||
| 出版信息: | 北京 人民教育出版社 1984 |
|
| 页数: | 231页 | |
| 开本: | 21cm | |
| 丛书名: | ||
| 单 册: | ||
| 中图分类: | G844.2 , G44 | |
| 科图分类: | ||
| 主题词: | 智力落后-青少年心理学 , 青少年心理学-智力落后 , 教育心理学 | |
| 电子资源: | ||
| ISBN: | ||
| 000 | 01023nam0 2200313 45 | |
| 001 | 0184005358 | |
| 005 | 20040425110401.2 | |
| 010 | @dCNY0.86 | |
| 091 | @a7012.0672 | |
| 100 | @a19950703d1984 em y0chiy0121 ea | |
| 101 | 1 | @achi@crus |
| 102 | @aCN@b110000 | |
| 105 | @ay z 000yy | |
| 106 | @ar | |
| 200 | 10 | @a智力落后学生心理学@Azhi li la hou xue sheng xin li xue@f(苏)С.Я.鲁宾施泰因著@g朴永馨译 |
| 210 | @a北京@c人民教育出版社@d1984 | |
| 215 | @a231页@d21cm | |
| 300 | @a书名原文:Психологня умственно отсталого щкольника | |
| 510 | 1 | @aПсихология умственно отсталого щкольника@zrus |
| 606 | @a智力落后-青少年心理学 | |
| 606 | @a青少年心理学-智力落后 | |
| 606 | 0 | @a教育心理学 |
| 690 | @aG844.2@v3 | |
| 690 | @aG44 | |
| 701 | 1 | @a鲁宾施泰因@Alu bin shi tai yin@bС.Я.@4著 |
| 702 | 0 | @a朴永馨@Apiao yong xin@4译 |
| 801 | 0 | @aCN@b上海图书馆@c20040425 |
| 801 | 2 | @aCN@bNLC@c20040425 |
| 905 | @f2@b106474-475@dG44@e12 | |
| 智力落后学生心理学/(苏)С.Я.鲁宾施泰因著/朴永馨译.-北京:人民教育出版社,1984 |
| 231页;21cm |
| 书名原文:Психологня умственно отсталого щкольника |
| ISBN :CNY0.86 |
| ● |
| 相关链接 |
|
|
|
|
正题名:智力落后学生心理学
索取号:G44/12
 
预约/预借
| 序号 | 登录号 | 条形码 | 馆藏地/架位号 | 状态 | 备注 |
| 1 | 0106474 | 000457981 | 第四借阅区/ [索取号:G44/12] | 在馆 | |
| 2 | 0106475 | 000457945 | 第四借阅区/ [索取号:G44/12] | 在馆 | |
| 3 | 0106476 | 000458212 | 第一样本阅览室/ [索取号:G44/12] | 在馆 |